| 000 | 00457cam a2200193ua 4500 | ||
|---|---|---|---|
| 001 | 4347 | ||
| 005 | 20260515113822.0 | ||
| 008 | 111224n ii |||gr||||Z||||||asm | ||
| 040 | _cMAIN | ||
| 082 | _a294.5514 | ||
| 100 | 1 | _aBardoloi, Nirmal Prabha, | |
| 245 | 1 | 1 |
_aDevi _cby Nirmal Prabha Bardoloi |
| 250 | _a5th. | ||
| 260 |
_aGuwahati: _bSahitya Prakash, _c2007. |
||
| 300 |
_a544p: _bill; _c23cm. |
||
| 653 | _aReligion | ||
| 653 | _aDevi | ||
| 942 | _cBK | ||
| 999 |
_c4159 _d4159 |
||